[Event "Torneo de Navidad Base y Senior - Casino Primitivo"]
[Site "Calle Maestra 3 (Palacio de Cultura) - Jaén, Spain"]
[Date "2023.12.16"]
[Round "7.5"]
[White "Rodriguez Reinoso, Victoriano"]
[Black "Hernandez Hurtado, Jose Carlos"]
[Result "1-0"]
[TimeControl "10´ + 5\""]
[WhiteFideId "2202425"]
[BlackFideId "32096305"]
[WhiteElo "2069"]
[BlackElo "1568"]

1. c4 {[%clk 00:10:08]} c5 {[%clk 00:10:09]} {[%emt 00:00:02]} 2. Nf3 {[%clk
00:10:10]} {[%emt 00:00:02]} Nf6 {[%clk 00:10:13]} {[%emt 00:00:02]} 3. g3
{[%clk 00:10:13]} {[%emt 00:00:03]} g6 {[%clk 00:10:16]} {[%emt 00:00:01]} 4.
Bg2 {[%clk 00:10:16]} {[%emt 00:00:02]} Bg7 {[%clk 00:10:20]} {[%emt 00:00:01]}
5. Nc3 {[%clk 00:10:17]} {[%emt 00:00:04]} Nc6 {[%clk 00:10:23]} {[%emt
00:00:02]} 6. O-O {[%clk 00:10:18]} {[%emt 00:00:03]} d6 {[%clk 00:10:27]}
{[%emt 00:00:02]} 7. d4 {[%clk 00:10:14]} {[%emt 00:00:10]} cxd4 {[%clk
00:10:30]} {[%emt 00:00:02]} 8. Nxd4 {[%clk 00:10:17]} {[%emt 00:00:02]} Bd7
{[%clk 00:10:33]} {[%emt 00:00:01]} 9. Nb3 {[%clk 00:10:13]} {[%emt 00:00:09]}
b6 {[%clk 00:09:29]} {[%emt 00:01:10]} 10. Bf4 {[%clk 00:09:52]} {[%emt
00:00:25]} Rc8 {[%clk 00:09:29]} {[%emt 00:00:05]} 11. Rc1 {[%clk 00:09:48]}
{[%emt 00:00:08]} O-O {[%clk 00:09:32]} {[%emt 00:00:03]} 12. Nd5 {[%clk
00:07:42]} {[%emt 00:02:11]} Nxd5 {[%clk 00:09:20]} {[%emt 00:00:18]} 13. cxd5
{[%clk 00:07:43]} {[%emt 00:00:02]} Ne5 {[%clk 00:09:18]} {[%emt 00:00:08]} 14.
Nd4 {[%clk 00:06:17]} {[%emt 00:01:31]} Ng4 {[%clk 00:07:46]} {[%emt 00:01:37]}
15. b3 {[%clk 00:05:54]} {[%emt 00:00:28]} Rxc1 {[%clk 00:07:27]} {[%emt
00:00:24]} 16. Bxc1 {[%clk 00:05:57]} {[%emt 00:00:02]} Qc7 {[%clk 00:07:26]}
{[%emt 00:00:06]} 17. Bg5 {[%clk 00:05:44]} {[%emt 00:00:16]} f6 {[%clk
00:07:15]} {[%emt 00:00:18]} 18. Bf4 {[%clk 00:05:37]} {[%emt 00:00:10]} Rc8
{[%clk 00:07:18]} {[%emt 00:00:04]} 19. Qd3 {[%clk 00:04:30]} {[%emt 00:01:11]}
Qb7 {[%clk 00:05:42]} {[%emt 00:01:42]} 20. Nc6 {[%clk 00:04:23]} {[%emt
00:00:12]} Bxc6 {[%clk 00:05:11]} {[%emt 00:00:37]} 21. dxc6 {[%clk 00:04:25]}
{[%emt 00:00:02]} Qc7 {[%clk 00:05:14]} {[%emt 00:00:02]} 22. Bxd6 {[%clk
00:03:48]} {[%emt 00:00:42]} exd6 {[%clk 00:04:50]} {[%emt 00:00:29]} 23. Qc4+
{[%clk 00:03:51]} {[%emt 00:00:01]} d5 {[%clk 00:04:55]} {[%emt 00:00:01]} 24.
Qxg4 {[%clk 00:03:54]} {[%emt 00:00:02]} Qxc6 {[%clk 00:04:57]} {[%emt
00:00:03]} 25. Bxd5+ {[%clk 00:03:57]} {[%emt 00:00:02]} Qxd5 {[%clk 00:05:01]}
{[%emt 00:00:02]} 26. Qxc8+ {[%clk 00:04:00]} {[%emt 00:00:01]} Bf8 {[%clk
00:05:05]} {[%emt 00:00:01]} 27. Qc4 {[%clk 00:04:02]} {[%emt 00:00:03]} Qxc4
{[%clk 00:05:06]} {[%emt 00:00:03]} 28. bxc4 {[%clk 00:04:06]} {[%emt
00:00:01]} Bc5 {[%clk 00:05:11]} 29. Rd1 {[%clk 00:04:04]} {[%emt 00:00:07]} h6
{[%clk 00:05:00]} {[%emt 00:00:16]} 30. Rd7 {[%clk 00:04:07]} {[%emt 00:00:01]}
a6 {[%clk 00:04:59]} {[%emt 00:00:08]} 31. Kg2 {[%clk 00:04:05]} {[%emt
00:00:06]} Kf8 {[%clk 00:05:02]} {[%emt 00:00:02]} 32. e4 {[%clk 00:04:08]}
{[%emt 00:00:02]} Ke8 {[%clk 00:05:07]} 33. Rg7 {[%clk 00:04:07]} {[%emt
00:00:06]} g5 {[%clk 00:05:08]} {[%emt 00:00:06]} 34. Rh7 {[%clk 00:04:09]}
{[%emt 00:00:03]} Bf8 {[%clk 00:05:09]} {[%emt 00:00:04]} 35. f4 {[%clk
00:04:11]} {[%emt 00:00:03]} Kd8 {[%clk 00:04:54]} {[%emt 00:00:20]} 36. Kf3
{[%clk 00:04:12]} {[%emt 00:00:04]} Be7 {[%clk 00:04:32]} {[%emt 00:00:27]} 37.
Rxh6 {[%clk 00:04:13]} {[%emt 00:00:04]} Kd7 {[%clk 00:04:37]} {[%emt
00:00:01]} 38. Rh7 {[%clk 00:04:15]} {[%emt 00:00:02]} Kd6 {[%clk 00:04:38]}
{[%emt 00:00:04]} 39. Rxe7 {[%clk 00:04:16]} {[%emt 00:00:04]} Kxe7 {[%clk
00:04:42]} {[%emt 00:00:02]} 40. fxg5 {[%emt 00:00:01]} 1-0

[Event "Torneo de Navidad Base y Senior - Casino Primitivo"]
[Site "Calle Maestra 3 (Palacio de Cultura) - Jaén, Spain"]
[Date "2023.12.16"]
[Round "7.6"]
[White "Ortega Carrascosa, Cristobal"]
[Black "Blanca Almagro, Miguel Angel"]
[Result "0-1"]
[TimeControl "10´ + 5\""]
[WhiteFideId "32041560"]
[BlackFideId "2245051"]
[WhiteElo "1483"]
[BlackElo "1776"]

1. d4 {[%clk 00:10:06]} {[%emt 00:00:02]} Nf6 {[%clk 00:10:07]} {[%emt
00:00:03]} 2. c4 {[%clk 00:10:10]} {[%emt 00:00:02]} e6 {[%clk 00:10:09]}
{[%emt 00:00:03]} 3. Bg5 {[%clk 00:10:11]} {[%emt 00:00:03]} b6 {[%clk
00:10:11]} {[%emt 00:00:03]} 4. Nc3 {[%clk 00:10:12]} {[%emt 00:00:04]} Bb7
{[%clk 00:10:12]} {[%emt 00:00:04]} 5. e3 {[%clk 00:10:15]} {[%emt 00:00:02]}
Bb4 {[%clk 00:10:15]} {[%emt 00:00:03]} 6. Qc2 {[%clk 00:10:12]} {[%emt
00:00:08]} h6 {[%clk 00:10:13]} {[%emt 00:00:06]} 7. Bh4 {[%clk 00:10:14]}
{[%emt 00:00:03]} O-O {[%clk 00:10:15]} {[%emt 00:00:03]} 8. a3 {[%clk
00:10:17]} {[%emt 00:00:02]} Be7 {[%clk 00:10:14]} {[%emt 00:00:06]} 9. Nf3
{[%clk 00:10:15]} {[%emt 00:00:08]} d5 {[%clk 00:10:11]} {[%emt 00:00:09]} 10.
Be2 {[%clk 00:09:59]} {[%emt 00:00:20]} Nbd7 {[%clk 00:10:13]} {[%emt
00:00:03]} 11. O-O {[%clk 00:10:01]} {[%emt 00:00:03]} dxc4 {[%clk 00:10:16]}
{[%emt 00:00:02]} 12. Bxc4 {[%clk 00:10:01]} {[%emt 00:00:05]} Bxf3 {[%clk
00:10:18]} {[%emt 00:00:03]} 13. gxf3 {[%clk 00:09:56]} {[%emt 00:00:09]} e5
{[%clk 00:10:20]} {[%emt 00:00:04]} 14. dxe5 {[%clk 00:09:28]} {[%emt
00:00:34]} Nxe5 {[%clk 00:10:23]} {[%emt 00:00:02]} 15. Be2 {[%clk 00:09:20]}
{[%emt 00:00:12]} Qd7 {[%clk 00:10:26]} {[%emt 00:00:02]} 16. Rad1 {[%clk
00:09:18]} {[%emt 00:00:06]} Qh3 {[%clk 00:10:29]} {[%emt 00:00:02]} 17. Bg3
{[%clk 00:09:05]} {[%emt 00:00:16]} Ng6 {[%clk 00:10:25]} {[%emt 00:00:13]} 18.
Rfe1 {[%clk 00:08:58]} {[%emt 00:00:08]} Nh4 {[%clk 00:10:26]} {[%emt
00:00:07]} 19. Bxh4 {[%clk 00:08:32]} {[%emt 00:00:31]} Qxh4 {[%clk 00:10:28]}
{[%emt 00:00:02]} 20. Qf5 {[%clk 00:08:07]} {[%emt 00:00:24]} Bd6 {[%clk
00:10:30]} {[%emt 00:00:10]} 21. h3 {[%clk 00:07:14]} {[%emt 00:00:57]} g6
{[%clk 00:10:29]} {[%emt 00:00:07]} 22. Qc2 {[%clk 00:06:13]} {[%emt 00:01:06]}
Qxh3 {[%clk 00:10:31]} {[%emt 00:00:03]} 23. f4 {[%clk 00:06:16]} {[%emt
00:00:02]} Rfe8 {[%clk 00:10:23]} {[%emt 00:00:13]} 24. b4 {[%clk 00:05:43]}
{[%emt 00:00:38]} a5 {[%clk 00:08:18]} {[%emt 00:02:11]} 25. Nb5 {[%clk
00:05:35]} {[%emt 00:00:12]} Bf8 {[%clk 00:08:10]} {[%emt 00:00:13]} 26. Nxc7
{[%clk 00:05:37]} {[%emt 00:00:03]} Rec8 {[%clk 00:08:14]} {[%emt 00:00:01]} 27.
Qc6 {[%clk 00:05:21]} {[%emt 00:00:21]} Ne8 {[%clk 00:08:10]} {[%emt 00:00:10]}
28. Rd7 {[%clk 00:04:51]} {[%emt 00:00:34]} Ra7 {[%clk 00:07:14]} {[%emt
00:01:03]} 29. Rc1 {[%clk 00:03:54]} {[%emt 00:01:02]} Raxc7 {[%clk 00:07:14]}
{[%emt 00:00:06]} 30. Rxc7 {[%clk 00:03:45]} {[%emt 00:00:14]} Rxc7 {[%clk
00:07:17]} {[%emt 00:00:01]} 31. Qxc7 {[%clk 00:03:13]} {[%emt 00:00:37]} Nxc7
{[%clk 00:07:20]} {[%emt 00:00:01]} 32. Rxc7 {[%clk 00:03:16]} {[%emt
00:00:03]} axb4 {[%clk 00:07:21]} {[%emt 00:00:04]} 33. axb4 {[%clk 00:03:14]}
{[%emt 00:00:07]} Bxb4 {[%clk 00:07:16]} {[%emt 00:00:09]} 34. Bc4 {[%clk
00:03:16]} {[%emt 00:00:02]} Qg4+ {[%clk 00:07:18]} {[%emt 00:00:04]} 35. Kf1
{[%clk 00:03:17]} {[%emt 00:00:02]} Qf5 {[%clk 00:07:15]} {[%emt 00:00:09]} 36.
Be2 {[%clk 00:02:16]} {[%emt 00:01:02]} Qh3+ {[%clk 00:07:16]} {[%emt
00:00:08]} 37. Kg1 {[%clk 00:02:06]} {[%emt 00:00:15]} Bc5 {[%clk 00:07:17]}
{[%emt 00:00:05]} 38. Bc4 {[%clk 00:01:40]} {[%emt 00:00:30]} Qf5 {[%clk
00:07:20]} {[%emt 00:00:03]} 39. Be2 {[%clk 00:01:25]} {[%emt 00:00:21]} h5
{[%clk 00:07:17]} {[%emt 00:00:07]} 40. Rd7 {[%clk 00:01:18]} {[%emt 00:00:10]}
h4 {[%clk 00:07:20]} {[%emt 00:00:04]} 41. Bf3 {[%clk 00:01:12]} {[%emt
00:00:11]} Qxd7 {[%clk 00:07:20]} {[%emt 00:00:05]} 0-1

[Event "Torneo de Navidad Base y Senior - Casino Primitivo"]
[Site "Calle Maestra 3 (Palacio de Cultura) - Jaén, Spain"]
[Date "2023.12.16"]
[Round "7.7"]
[White "Aguirre Molina, Daniel"]
[Black "Prieto Melendrez, Gustavo"]
[Result "0-1"]
[TimeControl "10´ + 5\""]
[WhiteFideId "32095864"]
[BlackFideId "32048041"]
[WhiteElo "1323"]
[BlackElo "1697"]

1. d4 {[%clk 00:10:07]} {[%emt 00:00:05]} Nf6 {[%clk 00:10:10]} {[%emt
00:00:02]} 2. c4 {[%clk 00:10:09]} {[%emt 00:00:03]} g6 {[%clk 00:10:13]}
{[%emt 00:00:02]} 3. Nf3 {[%clk 00:10:11]} {[%emt 00:00:03]} Bg7 {[%clk
00:10:16]} {[%emt 00:00:01]} 4. Nc3 {[%clk 00:10:14]} {[%emt 00:00:03]} d5
{[%clk 00:10:19]} {[%emt 00:00:01]} 5. Bf4 {[%clk 00:10:14]} {[%emt 00:00:05]}
O-O {[%clk 00:10:21]} {[%emt 00:00:04]} 6. e3 {[%clk 00:10:17]} {[%emt
00:00:02]} c5 {[%clk 00:10:24]} {[%emt 00:00:01]} 7. cxd5 {[%clk 00:09:57]}
{[%emt 00:00:25]} Nxd5 {[%clk 00:10:08]} {[%emt 00:00:20]} 8. Bc4 {[%clk
00:09:44]} {[%emt 00:00:18]} Nxf4 {[%clk 00:10:08]} {[%emt 00:00:05]} 9. exf4
{[%clk 00:09:45]} {[%emt 00:00:04]} cxd4 {[%clk 00:10:06]} {[%emt 00:00:07]} 10.
Na4 {[%clk 00:09:07]} {[%emt 00:00:44]} Qa5+ {[%clk 00:09:49]} {[%emt
00:00:21]} 11. Nd2 {[%clk 00:09:03]} {[%emt 00:00:10]} Nc6 {[%clk 00:08:58]}
{[%emt 00:00:56]} 12. O-O {[%clk 00:09:01]} {[%emt 00:00:07]} e5 {[%clk
00:07:53]} {[%emt 00:01:10]} 13. fxe5 {[%clk 00:08:58]} {[%emt 00:00:09]} Nxe5
{[%clk 00:07:55]} {[%emt 00:00:02]} 14. Bb3 {[%clk 00:08:56]} {[%emt 00:00:07]}
Bf5 {[%clk 00:07:21]} {[%emt 00:00:39]} 15. Nc4 {[%clk 00:08:27]} {[%emt
00:00:35]} Nxc4 {[%clk 00:07:20]} {[%emt 00:00:06]} 16. Bxc4 {[%clk 00:08:30]}
{[%emt 00:00:03]} b5 {[%clk 00:07:11]} {[%emt 00:00:13]} 17. Bxf7+ {[%clk
00:07:59]} {[%emt 00:00:36]} Rxf7 {[%clk 00:06:51]} {[%emt 00:00:25]} 18. Nc5
{[%clk 00:08:00]} {[%emt 00:00:04]} b4 {[%clk 00:06:16]} {[%emt 00:00:40]} 19.
Nb3 {[%clk 00:08:00]} {[%emt 00:00:05]} Qd5 {[%clk 00:06:06]} {[%emt 00:00:14]}
20. Rc1 {[%clk 00:06:50]} {[%emt 00:01:16]} Rc8 {[%clk 00:05:41]} {[%emt
00:00:29]} 21. h4 {[%clk 00:06:04]} {[%emt 00:00:52]} Rfc7 {[%clk 00:05:38]}
{[%emt 00:00:08]} 22. Rxc7 {[%clk 00:06:01]} {[%emt 00:00:09]} Rxc7 {[%clk
00:05:42]} {[%emt 00:00:01]} 23. Qd2 {[%clk 00:05:28]} {[%emt 00:00:38]} d3
{[%clk 00:05:13]} {[%emt 00:00:34]} 24. Re1 {[%clk 00:04:34]} {[%emt 00:00:59]}
h6 {[%clk 00:04:39]} {[%emt 00:00:38]} 25. Nc1 {[%clk 00:04:02]} {[%emt
00:00:37]} a5 {[%clk 00:04:20]} {[%emt 00:00:25]} 26. g4 {[%clk 00:03:51]}
{[%emt 00:00:16]} Bxg4 {[%clk 00:04:06]} {[%emt 00:00:18]} 27. Nxd3 {[%clk
00:03:46]} {[%emt 00:00:10]} Bf5 {[%clk 00:03:59]} {[%emt 00:00:12]} 28. Rd1
{[%clk 00:03:04]} {[%emt 00:00:47]} Bxd3 {[%clk 00:03:41]} {[%emt 00:00:22]} 29.
Qxd3 {[%clk 00:03:05]} {[%emt 00:00:04]} Qxd3 {[%clk 00:03:44]} {[%emt
00:00:01]} 30. Rxd3 {[%clk 00:03:08]} {[%emt 00:00:03]} Bxb2 {[%clk 00:03:21]}
{[%emt 00:00:28]} 31. Rd6 {[%clk 00:03:05]} {[%emt 00:00:09]} Kg7 {[%clk
00:03:12]} {[%emt 00:00:13]} 32. Ra6 {[%clk 00:03:06]} {[%emt 00:00:04]} Rc5
{[%clk 00:02:53]} {[%emt 00:00:24]} 33. Kg2 {[%clk 00:03:07]} {[%emt 00:00:04]}
Rf5 {[%clk 00:02:35]} {[%emt 00:00:22]} 34. Kg3 {[%clk 00:02:00]} {[%emt
00:01:13]} h5 {[%clk 00:02:30]} {[%emt 00:00:09]} 35. f3 {[%clk 00:01:55]}
{[%emt 00:00:11]} Bf6 {[%clk 00:02:15]} {[%emt 00:00:19]} 36. Ra7+ {[%clk
00:01:18]} {[%emt 00:00:42]} Kh6 {[%clk 00:02:14]} {[%emt 00:00:05]} 37. f4
{[%clk 00:01:12]} {[%emt 00:00:13]} Bxh4+ {[%clk 00:01:57]} {[%emt 00:00:22]}
38. Kh3 {[%clk 00:00:36]} {[%emt 00:00:40]} Bf6 {[%clk 00:01:49]} {[%emt
00:00:12]} 39. a3 {[%clk 00:00:22]} {[%emt 00:00:20]} bxa3 {[%clk 00:01:42]}
{[%emt 00:00:12]} 0-1